000 00215nam a22000857a 4500
008 161020b xxu||||| |||| 00| 0 eng d
100 _9906
_aOlympiad
245 _aEnglish-6
260 _aNew Delhi
_b3 Genx Publications
_c2016
999 _c3560
_d3560